North America Countries - Click Map - Statistics

General Stats
  • This quiz has been taken 180 times
  • The average score is 15 of 23
Answers on the Map
Answers color-coded by a green-red scale on the quiz's map according to % correct below.
 
Answer Stats
Answer % Correct
Canada
86%
Mexico
84%
United States
84%
Cuba
81%
Haiti
81%
Panama
80%
El Salvador
78%
Dominican Republic
76%
Jamaica
73%
Honduras
71%
Belize
70%
Costa Rica
70%
Guatemala
69%
Nicaragua
66%
Trinidad and Tobago
60%
Antigua and Barbuda
57%
Barbados
49%
Saint Lucia
46%
Saint Kitts And Nevis
43%
Grenada
42%
Dominica
40%
The Bahamas
40%
Saint Vincent and the Grenadines
36%
No matching quizzes found
Score Distribution
Percent of People with Each Score
Percentile by Number Answered
Your Score History
You have not taken this quiz